|
|
|
|
| LEADER |
00980nab a2200229 i 4500 |
| 001 |
misc60849 |
| 005 |
20221013122943.0 |
| 008 |
220329s1937 hu o 0|| hun d |
| 040 |
|
|
|a SZTE Miscellanea Repozitórium
|b hun
|
| 041 |
|
|
|a hun
|
| 100 |
1 |
|
|a Gunda Béla
|
| 245 |
1 |
0 |
|a Tálasi István
|h [elektronikus dokumentum] :
|b A Kiskunság népi állattartása. Néprajzi füzetek, 6. Budapest, 1936 : könyvismertetés /
|c Gunda Béla
|
| 260 |
|
|
|a [Egyetemi Ny.]
|b [Budapest]
|c 1937
|
| 300 |
|
|
|a 495-496
|c 25 cm
|
| 490 |
0 |
|
|a Ethnographia-Népélet
|
| 561 |
|
|
|a Németh Gyula hagyaték
|
| 591 |
|
|
|a NOV 2049
|
| 650 |
|
4 |
|a Társadalomtudományok
|
| 650 |
|
4 |
|a Szociológia
|
| 695 |
|
|
|a Állattartás - Magyarország - regionális - könyvismertetés, Néprajz - magyar - állattartás - könyvismertetés, Kiskunság - néprajz - könyvismertetés
|
| 700 |
0 |
1 |
|a Tálasi István
|
| 856 |
4 |
0 |
|u http://misc.bibl.u-szeged.hu/60849/1/2049_nov_g74_02.pdf
|z Dokumentum-elérés
|